| 000 | 01721nam a2200373 c 4500 | ||
|---|---|---|---|
| 999 |
_c186712 _d186712 |
||
| 003 | BLK | ||
| 005 | 20220616160026.0 | ||
| 008 | 180411b bul|||||r ||||||| ||bul|| | ||
| 010 | _aKNG00195708000 | ||
| 040 | _aBLK | ||
| 041 |
_aBUL _cBUL |
||
| 080 |
_aРуска литература _b821.161.1 _x-31-312.6 _z821.161.1-31-312.6 |
||
| 080 |
_aИспанска литература _b821.134.2 _x(092) _z821.134.2(092) |
||
| 080 |
_aИспански поет и драматург _b929 Гарсия Лорка, Федерико _z929 Гарсия Лорка, Федерико |
||
| 100 | 1 |
_aОсповат, Лев Самойлович _eпърви автор _9105015 |
|
| 139 |
_aОсповат, Лев Самойлович _bГ 23 |
||
| 245 | 1 | 0 |
_aГарсия Лорка _bРоманизирана биогр. _cЛев Самойлович Осповат; прев. от рус. Симеон Владимиров; * Федерико Гарсия Лорка. |
| 257 | _aSUN | ||
| 260 |
_aСофия _bНар. култура _c1968 |
||
| 300 |
_a384 с. _b10 л. портр., 5 л. ил. _c21 см |
||
| 380 | _aX | ||
| 490 | 1 | _aБиблиотека Световни образи | |
| 600 | 1 | 4 |
_aГарсия Лорка, Федерико _9367210 |
| 650 | 4 |
_aГарсия Лорка, Федерико _9367210 |
|
| 653 | _aроманизувани биографии | ||
| 700 | 1 |
_aВладимиров, Симеон _eпрев. от рус. _9364915 |
|
| 700 | 1 |
_aГарсия Лорка, Федерико _e* _9367210 |
|
| 852 |
_aЦб 46709 _bЦб |
||
| 942 |
_cKNG _n0 _s1 |
||
| 944 |
_aCR _c10.11.2016 _kСевдалина_Василева |
||
| 944 |
_aED _c2022-06-16 _kСТ |
||
| 999 | _d186712 | ||